000175079 001__ 175079
000175079 005__ 20160817111550.0
000175079 022__ $$a0365-5547
000175079 0247_ $$2ZDBID$$aPERI:(DE-600)391283-8
000175079 0247_ $$2ZDBPPN$$aZDPPN:012154547
000175079 0247_ $$2SCOPUS$$aSCOPUS:54585
000175079 0247_ $$2Medline$$amedline:0256644
000175079 030__ $$aAPMDA
000175079 030__ $$aAPMDA
000175079 035__ $$aPERI:(DE-600)391283-8
000175079 041__ $$aeng
000175079 082__ $$a610
000175079 2100_ $$2ZDB$$aANN PHYS MED
000175079 2100_ $$2dnlm$$aAnn Phys Med
000175079 2100_ $$2iso$$aAnn Phys Med
000175079 245__ $$aAnnals of physical medicine$$hprint, online
000175079 247__ $$2DE-600$$aAnnals of physical medicine
000175079 260__ $$aLondon
000175079 380__ $$2marcgt$$ajournal
000175079 500__ $$aAutomatically generated record. (Updated: 08/2016)
000175079 650_7 $$0ASJC:2700$$2ASJC$$aMedicine(all)
000175079 909CO $$ooai:juser.fz-juelich.de:270223$$pauthority$$pauthority:PERI
000175079 909CO $$ooai:juser.fz-juelich.de:270223
000175079 915__ $$0StatID:(DE-HGF)0200$$2StatID$$aDBCoverage$$bSCOPUS
000175079 915__ $$0StatID:(DE-HGF)0300$$2StatID$$aDBCoverage$$bMedline
000175079 980__ $$aPERI
000175079 980__ $$aAUTHORITY